Professional Scrum with team foundation server 2010 (Record no. 221095)
[ view plain ]
| 000 -LEADER | |
|---|---|
| fixed length control field | 01411nam a2200361 a 4500 |
| 100 1# - MAIN ENTRY--AUTHOR NAME | |
| Personal name | Resnick, Steve. |
| 245 10 - TITLE STATEMENT | |
| Title | Professional Scrum with team foundation server 2010 |
| 260 ## - PUBLICATION, DISTRIBUTION, ETC. (IMPRINT) | |
| Place of publication | Indianapolis, Ind. : |
| Name of publisher | Wiley, |
| Year of publication | 2011. |
| 300 ## - PHYSICAL DESCRIPTION | |
| Number of Pages | xxxi, 304 p. : |
| Other physical details | col. ill. |
| 500 ## - GENERAL NOTE | |
| General note | Includes index. |
| General note | "Wrox programmer to programmer." |
| 650 #0 - SUBJECT ADDED ENTRY--TOPICAL TERM | |
| Topical Term | Scrum (Computer software development) |
| Topical Term | Agile software development. |
| Topical Term | Teams in the workplace. |
| 700 1# - ADDED ENTRY--PERSONAL NAME | |
| Personal name | Bjork, Aaron. |
| Personal name | De la Maza, Michael, |
| 856 40 - ELECTRONIC LOCATION AND ACCESS | |
| Uniform Resource Identifier | http://site.ebrary.com/lib/rucke/Doc?id=10514012 |
No items available.
